Chelsea Squad 24/25 - Statistics

General Stats
  • This quiz has been taken 203 times
    152 since last reset
  • The average score is 22 of 31
Answer Stats
# Nation Former Club Answer % Correct
20 England Man City Cole Palmer
97%
1 Spain Brighton Robert Sanchez
96%
3 Spain Brighton Marc Cucurella
93%
8 Argentina Benfica Enzo Fernandez
92%
10 Ukraine Shakhtar Mykhailo Mudryk
92%
15 Senegal Villarreal Nicolas Jackson
92%
11 England PSV Noni Madueke
87%
7 Portugal Wolves Pedro Neto
86%
14 Portugal Atletico Madrid Joao Felix
85%
25 Ecuador Brighton Moises Caicedo
85%
2 France Monaco Axel Disasi
84%
18 France Leipzig Christopher Nkunku
80%
5 France Monaco Benoit Badiashile
79%
24 England Youth Reece James
78%
19 England Man United Jadon Sancho
72%
27 France Lyon Malo Gusto
72%
- Ivory Coast Molde David Fofana
71%
38 Spain Barcelona Marc Guiu
71%
29 France Leicester City Wesley Fofana
71%
12 Denmark Villarreal Filip Jorgensen
69%
6 England Youth Levi Colwill
69%
45 Belgium Southampton Romeo Lavia
69%
22 England Leicester City Kiernan Dewsbury-Hall
66%
4 England Fulham Tosin Adarabioyo
64%
21 England Leicester City Ben Chilwell
62%
40 Portugal Basel Renato Veiga
56%
31 Italy Youth Cesare Casadei
55%
17 England Aston Villa Carney Chukwuemeka
46%
47 Finland Youth Lucas Bergstrom
35%
13 England Fulham Marcus Bettinelli
33%
41 Brazil Santos Angelo
12%
No matching quizzes found
Score Distribution
Percent of People with Each Score
Percentile by Number Answered
Your Score History
You have not taken this quiz since the last reset